000 00254nam a2200097Ia 4500
008 220204s9999 xx 000 0 und d
082 _a38(058)
_bCOM
245 0 _aCommerce yearbook of public sector 1974-75
260 _aBombay
_bCommerce
_c1975
942 _cBK
999 _c23234
_d23234